000 00705nam a2200241 i 4500
001 846287
003 OSt
005 20230626134345.0
008 810501s1977 ke b 001 0 eng
010 _a 77980995
040 _aDLC
_cDLC
_dDLC
043 _af------
082 0 0 _a332.154
_2CHI
100 1 _aChileshe, Jonathan H.
245 1 4 _aThe challenge of developing intra-African trade /
_cJonathan H. Chileshe.
260 _aNairobi :
_bEast African Literature Bureau,
_c1977.
300 _axvii, 257 p. ;
_c22 cm.
500 _aIncludes index.
504 _aBibliography: p. [245]-246.
651 0 _aAfrica
_xCommerce.
906 _a7
_bcbc
_corignew
_d4
_encip
_f19
_gy-gencatlg
942 _2ddc
_cBK
999 _c2736
_d2736